MARC

LEADER 00000nas a22000007a 4500
001 ssj0011975
003 WaSeSS
005 20200512172242.0
006 m d
007 cr n
008 000719c20009999njumr p s 0 a0eng
010 |a  2011200726 
016 7 |a 023170360  |2 DE-101 
016 7 |a 2067632-3  |2 DE-600 
016 7 |a 2070901-8  |2 DE-600 
022 |a 2161-282X  |y 1527-5914 
035 |a (WaSeSS)ssj0011975 
037 |b A.M. Best Co., Ambest Rd., Oldwick, NJ 08858 
040 |a NTD  |b eng  |c NTD  |d OCLCQ  |d TXJ  |d CO3  |d DEBBG  |d DLC  |d OCLCQ  |d GBVCP  |d OCLCF  |d OCLCO  |d OCLCQ  |d AU@  |d AUD  |d VT2  |d WaSeSS 
042 |a pcc  |a nsdp 
043 |a n-us--- 
050 0 0 |a HG8501  |b .B483 
060 0 0 |a W1  |b BE9548 
082 1 0 |a 368  |2 13 
130 0 |a Best's review (Oldwick, N.J. : 2000 : Online) 
222 0 |a Best's review  |b (Oldwick, N.J. 2000, Online) 
245 1 0 |a Best's review  |h [electronic resource]. 
260 |a Oldwick, NJ :  |b A.M. Best Co.,  |c ©2000- 
310 |a Monthly 
362 0 |a Vol. 100, no. 9 (Jan. 2000)- 
500 |a Title from home page (viewed Jul. 19, 2000). 
506 |a License restrictions may limit access. 
538 |a Mode of access: World Wide Web. 
580 |a Formed by the union of: Best's review (Life/health insurance ed.); and, Best's review (Property/casualty insurance ed.). 
588 |a Latest issue consulted: May 2011; (Ambest website, viewed May 05, 2011). 
650 0 |a Property insurance  |z United States  |v Periodicals. 
650 0 |a Casualty insurance  |z United States  |v Periodicals. 
650 0 |a Life insurance  |z United States  |v Periodicals. 
650 0 |a Health insurance  |z United States  |v Periodicals. 
650 7 |a Casualty insurance.  |2 fast  |0 (OCoLC)fst01715790 
650 7 |a Health insurance.  |2 fast  |0 (OCoLC)fst01715839 
650 7 |a Life insurance.  |2 fast  |0 (OCoLC)fst01715858 
650 7 |a Property insurance.  |2 fast  |0 (OCoLC)fst01715900 
651 7 |a United States.  |2 fast  |0 (OCoLC)fst01204155 
655 0 |a Electronic journals. 
710 2 |a A.M. Best Company. 
776 0 8 |i Print version:  |t Best's review (Oldwick, N.J. : 2000)  |x 1527-5914  |w (DLC)sn 99009554  |w (OCoLC)42901004 
780 1 4 |t Best's review (Property/casualty insurance edition : Online)  |x 0161-7745 
780 1 4 |t Best's review (Life/health insurance ed. : Online)  |x 0005-9706 
856 4 0 |z Full text available from Research Library: 01/01/2000 to present  |u https://search.proquest.com/publication/46767